[Event "US Masters op"]
[Site "Charlotte"]
[Date "2024.11.30"]
[Round "7"]
[White "Zhuang, Kyle"]
[Black "Canty, James H"]
[Result "1/2-1/2"]
[WhiteElo "2050"]
[BlackElo "2189"]
[PlyCount "111"]
[EventDate "2024.11.27"]
[EventType "swiss"]
[EventRounds "9"]
[EventCountry "USA"]
[SourceTitle "CB49_2024"]
[SourceDate "2024.12.04"]
[SourceVersion "1"]
[SourceVersionDate "2024.12.04"]
[SourceQuality "1"]

1. e4 c5 2. Nf3 d6 3. Bb5+ Nd7 4. 0-0 a6 5. Bd3 Ngf6 6. Re1 g6 7. c3 Bg7 8. Bc2 0-0 9. d4 cxd4 10. cxd4 b5 11. a3 Bb7 12. Nc3 Nb6 13. Qe2 Rc8 14. h3 Nc4 15. Nd2 Nd7 16. Nxc4 Rxc4 17. Bb3 Rc8 18. Rd1 Nb6 19. Bf4 Nc4 20. Rac1 Qb6 21. e5 dxe5 22. dxe5 Qe6 23. Bg3 Rfd8 24. Rxd8+ Rxd8 25. Rd1 Rxd1+ 26. Nxd1 Qc6 27. f4 e6 28. a4 Bf8 29. axb5 axb5 30. Kh2 Bc5 31. Bc2 Qd5 32. b3 Nd2 33. b4 Bxb4 34. Ne3 Qd4 35. Bd3 Ne4 36. Nc2 Nxg3 37. Nxd4 Nxe2 38. Nxe2 Bd2 39. Bxb5 Bd5 40. g4 g5 41. fxg5 Bxg5 42. Kg3 Bd8 43. Nc3 Bc7 44. Nxd5 exd5 45. Bc6 Bxe5+ 46. Kf3 d4 47. Ke4 f6 48. g5 Kg7 49. gxf6+ Bxf6 50. Bd7 Kh6 51. Kd3 Kg5 52. Bc8 Kf4 53. Bd7 h5 54. Bc8 h4 55. Bd7 Be5 56. Bc8 1/2-1/2

[Event "US Masters op"]
[Site "Charlotte"]
[Date "2024.11.29"]
[Round "4"]
[White "Canty, James H"]
[Black "Zeltsan, Joseph"]
[Result "0-1"]
[WhiteElo "2189"]
[BlackElo "2405"]
[PlyCount "112"]
[EventDate "2024.11.27"]
[EventType "swiss"]
[EventRounds "9"]
[EventCountry "USA"]
[SourceTitle "CB49_2024"]
[SourceDate "2024.12.04"]
[SourceVersion "1"]
[SourceVersionDate "2024.12.04"]
[SourceQuality "1"]

1. d4 d5 2. Nf3 Nf6 3. Bf4 c5 4. e3 Nc6 5. Nbd2 Bg4 6. c3 e6 7. Qa4 Nd7 8. Bb5 Qc8 9. h3 Bh5 10. g4 Bg6 11. Nh4 Nb6 12. Qd1 a6 13. Nxg6 hxg6 14. Be2 cxd4 15. exd4 Qd7 16. Kf1 Bd6 17. Be3 Qc7 18. Kg2 Bf4 19. Bf3 g5 20. Rc1 Ne7 21. b3 Ng6 22. c4 Qd8 23. c5 Nc8 24. Be2 Nh4+ 25. Kg1 Qf6 26. Bd3 Ne7 27. b4 Nc6 28. Nf1 Bxe3 29. fxe3 Nxd4 30. Nd2 Ndf3+ 31. Nxf3 Nxf3+ 32. Kf2 Nh4+ 33. Ke2 0-0 34. Bb1 Qf3+ 35. Kd2 Qg3 36. Rc3 Rfd8 37. Kc2 d4 38. Rd3 Qg2+ 39. Kb3 e5 40. exd4 exd4 41. Re1 a5 42. Rxd4 Rxd4 43. Qxd4 axb4 44. Qe4 Qg3+ 45. Kc4 g6 46. Qxb7 Rb8 47. Re3 Qf4+ 48. Qe4 Qf1+ 49. Qd3 Qc1+ 50. Bc2 Ng2 51. Re7 Nf4 52. Qb3 Qf1+ 53. Bd3 Nxd3 54. Qxd3 Qc1+ 55. Kb3 Qa3+ 56. Kc4 Qa6+ 0-1

[Event "US Masters op"]
[Site "Charlotte"]
[Date "2024.11.28"]
[Round "2"]
[White "Canty, James H"]
[Black "Groff, Jordan"]
[Result "1/2-1/2"]
[WhiteElo "2189"]
[BlackElo "2048"]
[PlyCount "114"]
[EventDate "2024.11.27"]
[EventType "swiss"]
[EventRounds "9"]
[EventCountry "USA"]
[SourceTitle "CB49_2024"]
[SourceDate "2024.12.04"]
[SourceVersion "1"]
[SourceVersionDate "2024.12.04"]
[SourceQuality "1"]

1. e4 c5 2. Nf3 Nc6 3. d4 cxd4 4. Nxd4 e5 5. Nb5 d6 6. N1c3 a6 7. Na3 Be7 8. Nc4 b5 9. Ne3 Nf6 10. a3 0-0 11. g3 Rb8 12. Bg2 a5 13. 0-0 Re8 14. Kh1 Bf8 15. Qd3 b4 16. Ncd5 Nxd5 17. Nxd5 bxa3 18. Rxa3 Nb4 19. Qd2 Be6 20. c3 Nxd5 21. exd5 Bd7 22. b3 Qc7 23. Bb2 Rb7 24. Ba1 Reb8 25. Qa2 g6 26. Bf3 Bh3 27. Re1 Qc8 28. Bg2 h5 29. c4 h4 30. f4 Bxg2+ 31. Qxg2 h3 32. Qe2 Rxb3 33. Rxb3 Rxb3 34. fxe5 Qf5 35. g4 Qf4 36. e6 Rf3 37. exf7+ Kh7 38. Bd4 Qxg4 39. Rg1 Qf5 40. Qe6 Qxf7 41. Qxf7+ Rxf7 42. Rg3 Rf1+ 43. Bg1 Bg7 44. Rxh3+ Kg8 45. Kg2 Rc1 46. c5 Rc2+ 47. Kf1 dxc5 48. Ra3 Rc1+ 49. Kg2 Ra1 50. Bxc5 Rxa3 51. Bxa3 Kf7 52. Kf3 Bc3 53. Kg4 Bb4 54. Bb2 a4 55. h4 a3 56. Bxa3 Bxa3 57. h5 gxh5+ 1/2-1/2

[Event "Charlotte Fall IM-B"]
[Site "Charlotte"]
[Date "2024.11.25"]
[Round "6"]
[White "Venkatesh, Narayan"]
[Black "Canty, James H"]
[Result "1/2-1/2"]
[WhiteElo "2173"]
[BlackElo "2189"]
[PlyCount "107"]
[EventDate "2024.11.22"]
[EventType "tourn"]
[EventRounds "9"]
[EventCountry "USA"]
[EventCategory "1"]
[SourceTitle "CB49_2024"]
[SourceDate "2024.12.04"]
[SourceVersion "1"]
[SourceVersionDate "2024.12.04"]
[SourceQuality "1"]

1. d4 d5 2. c4 e6 3. Nc3 Nf6 4. cxd5 exd5 5. Bg5 Bb4 6. e3 h6 7. Bh4 g5 8. Bg3 Ne4 9. Nge2 h5 10. h4 Bg4 11. f3 Nxg3 12. Nxg3 Be6 13. Qd2 gxh4 14. Nge2 Nc6 15. 0-0-0 Qe7 16. Nf4 0-0-0 17. a3 Bxc3 18. Qxc3 Bf5 19. Re1 Qg5 20. Bd3 Bxd3 21. Qxd3 Na5 22. Kb1 Rh6 23. Rc1 Nc4 24. Nxd5 Nxb2 25. Rxc7+ Kb8 26. Rxb7+ Kxb7 27. Qb3+ Rb6 28. Nxb6 axb6 29. Qxb2 Qxe3 30. Rd1 Rd5 31. Ka2 Qe6 32. Qb3 Qc6 33. Rd2 f5 34. Qb4 Ka6 35. Rb2 f4 36. Rb1 Rd6 37. Rb3 Qd5 38. a4 Qxd4 39. Qb5+ Ka7 40. a5 Qd2+ 41. Rb2 Qxa5+ 42. Qxa5+ bxa5 43. Rb5 Rd2+ 44. Kb3 Rxg2 45. Rxa5+ Kb6 46. Rxh5 Rg3 47. Rxh4 Rxf3+ 48. Kc4 Ra3 49. Rh6+ Kc7 50. Rf6 Kd7 51. Kd4 f3 52. Ke4 Ke7 53. Rxf3 Rxf3 54. Kxf3 1/2-1/2

[Event "US Masters op"]
[Site "Charlotte"]
[Date "2023.11.24"]
[Round "4"]
[White "Leiva Rodriguez, Jeammarco Giuseppe"]
[Black "Canty, James H"]
[Result "1-0"]
[WhiteElo "2403"]
[BlackElo "2154"]
[PlyCount "61"]
[EventDate "2023.11.22"]
[EventType "swiss"]
[EventRounds "9"]
[EventCountry "USA"]
[SourceTitle "CBM 217 Extra"]
[Source "ChessBase"]
[SourceDate "2024.01.31"]
[SourceVersion "1"]
[SourceVersionDate "2024.01.31"]
[SourceQuality "1"]

1. e4 e6 2. d4 d5 3. Nc3 Be7 4. Bd3 Nf6 5. exd5 exd5 6. Nge2 c5 7. dxc5 0-0 8. Be3 Kh8 9. 0-0 Ng4 10. Bf4 Bxc5 11. h3 Nf6 12. Nb5 Nc6 13. c3 Qe7 14. b4 Bb6 15. Bd6 Qd8 16. Bxf8 Qxf8 17. Qd2 Ne5 18. Rad1 Bxh3 19. Qf4 Nxd3 20. Rxd3 Bg4 21. Ned4 a6 22. Qd6 axb5 23. Qxb6 Rxa2 24. Re3 h6 25. Qxb7 Bh5 26. Nxb5 Qd8 27. Qc7 Qa8 28. Qe5 Qa6 29. Nc7 Qc4 30. Ne8 Ng4 31. Qxg7# 1-0

[Event "US Masters op"]
[Site "Charlotte"]
[Date "2023.11.23"]
[Round "3"]
[White "Canty, James H"]
[Black "Liu, Zachary Hankun"]
[Result "1-0"]
[WhiteElo "2154"]
[BlackElo "2031"]
[PlyCount "75"]
[EventDate "2023.11.22"]
[EventType "swiss"]
[EventRounds "9"]
[EventCountry "USA"]
[SourceTitle "CBM 217 Extra"]
[Source "ChessBase"]
[SourceDate "2024.01.31"]
[SourceVersion "1"]
[SourceVersionDate "2024.01.31"]
[SourceQuality "1"]

1. d4 d5 2. Nc3 Nf6 3. Bf4 e6 4. e3 Bb4 5. Nge2 c5 6. a3 Bxc3+ 7. Nxc3 cxd4 8. Nb5 Na6 9. Nd6+ Ke7 10. exd4 Qb6 11. b4 Rd8 12. b5 Nb8 13. Nxc8+ Rxc8 14. Bd2 Kf8 15. Bb4+ Kg8 16. Bd3 Nbd7 17. 0-0 Qc7 18. Re1 Nb6 19. Re3 Nc4 20. Rg3 Nb2 21. Qd2 Nh5 22. Rg5 Nxd3 23. cxd3 Nf4 24. h4 Ng6 25. h5 Nh4 26. Rxg7+ Kxg7 27. Qg5+ Kh8 28. Be7 Qxe7 29. Qxe7 Nf5 30. Qf6+ Kg8 31. g4 Ng7 32. Re1 Ne8 33. Qg5+ Kf8 34. f4 Rc7 35. f5 exf5 36. Qxf5 Rd8 37. Qxh7 Nf6 38. Qh6+ 1-0

[Event "Maia op 7th"]
[Site "Maia"]
[Date "2023.08.30"]
[Round "6"]
[White "Cabanas Rodriguez, Roi"]
[Black "Canty, James H"]
[Result "0-1"]
[WhiteElo "1965"]
[BlackElo "2139"]
[PlyCount "128"]
[EventDate "2023.08.25"]
[EventType "swiss"]
[EventRounds "9"]
[EventCountry "POR"]
[SourceTitle "CBM 216 Extra"]
[Source "ChessBase"]
[SourceDate "2023.11.30"]
[SourceVersion "1"]
[SourceVersionDate "2023.11.30"]
[SourceQuality "1"]

1. c4 Nf6 2. g3 g6 3. Bg2 Bg7 4. Nc3 0-0 5. e4 d6 6. Nge2 c5 7. 0-0 Nc6 8. d3 a6 9. h3 Rb8 10. a4 e5 11. Be3 Be6 12. f4 exf4 13. Nxf4 Bd7 14. Rb1 Nb4 15. Qd2 Re8 16. Rf2 Qa5 17. Rbf1 Bc6 18. Nfd5 Nfxd5 19. cxd5 Bxa4 20. Rxf7 Rf8 21. Rxg7+ Kxg7 22. Bh6+ Kg8 23. Bxf8 Rxf8 24. Ra1 c4 25. Rxa4 Qb6+ 26. Kh2 cxd3 27. Nd1 a5 28. Ne3 Qc5 29. Ra3 b6 30. Rc3 Qd4 31. Rc4 Qg7 32. Rc1 Qd4 33. Rc4 Qg7 34. Rc1 Qd4 35. Rf1 Rxf1 36. Nxf1 Nc2 37. Qc3 Qxc3 38. bxc3 Ne1 39. Nd2 a4 40. Bf1 a3 41. Nb3 d2 42. Be2 a2 43. Kg1 Nd3 44. Kf1 Nb2 45. c4 Nxc4 46. Bd1 Kf7 47. Ke2 Kf6 48. Na1 Nb2 49. Kxd2 Nxd1 50. Kxd1 Ke5 51. Ke2 Kxe4 52. Nb3 h5 53. Na1 b5 54. Nb3 b4 55. h4 Kxd5 56. Kd3 Ke5 57. Ke3 Kf5 58. Kf3 d5 59. Nd4+ Ke5 60. Nb3 d4 61. Na1 Kd5 62. Kf4 Kc4 63. Kg5 b3 64. Kxg6 b2 0-1

[Event "Charlotte Super op"]
[Site "Charlotte"]
[Date "2023.07.11"]
[Round "5"]
[White "Lu, Maximillian"]
[Black "Canty, James H"]
[Result "0-1"]
[WhiteElo "2394"]
[BlackElo "2145"]
[PlyCount "62"]
[EventDate "2023.07.09"]
[EventType "swiss"]
[EventRounds "9"]
[EventCountry "USA"]
[SourceTitle "CBM 215 Extra"]
[Source "ChessBase"]
[SourceDate "2023.09.30"]
[SourceVersion "1"]
[SourceVersionDate "2023.09.30"]
[SourceQuality "1"]

1. e4 c5 2. c3 e5 3. Nf3 Nc6 4. Bc4 Nf6 5. 0-0 Nxe4 6. Re1 Be7 7. Rxe4 d5 8. Nxe5 Nxe5 9. Rxe5 dxc4 10. Na3 0-0 11. Re1 Be6 12. Qe2 b5 13. Nxb5 Re8 14. b3 a6 15. Na3 cxb3 16. axb3 Bxb3 17. Nc4 a5 18. Ba3 a4 19. d4 Bf8 20. Qd3 Rxe1+ 21. Rxe1 cxd4 22. Bxf8 Qxf8 23. cxd4 Qb4 24. Nd2 Rd8 25. Rc1 g6 26. Nxb3 Qxb3 27. Qe3 Qb2 28. Qc3 a3 29. Kf1 Ra8 30. Qe1 a2 31. Ra1 Rb8 0-1

[Event "Charlotte op"]
[Site "Charlotte"]
[Date "2023.01.15"]
[Round "3"]
[White "Hebbar, Eshaan"]
[Black "Canty, James H"]
[Result "1-0"]
[WhiteElo "1979"]
[BlackElo "2201"]
[PlyCount "95"]
[EventDate "2023.01.14"]
[EventType "swiss"]
[EventRounds "6"]
[EventCountry "USA"]
[SourceTitle "CBM 212 Extra"]
[Source "ChessBase"]
[SourceDate "2023.03.31"]
[SourceVersion "1"]
[SourceVersionDate "2023.03.31"]
[SourceQuality "1"]

1. c4 f5 2. d4 Nf6 3. Nc3 g6 4. Nf3 Bg7 5. e3 0-0 6. Bd3 d6 7. 0-0 Nc6 8. a3 e5 9. Bc2 Nh5 10. b4 exd4 11. exd4 f4 12. Bb2 Bg4 13. Ne4 Bxf3 14. gxf3 Qh4 15. Kh1 Ne7 16. Rg1 Nf5 17. Qd2 Qe7 18. Rae1 Qd7 19. Ng5 Rae8 20. Be4 c6 21. d5 Bxb2 22. Qxb2 Nfg7 23. dxc6 bxc6 24. b5 cxb5 25. Bd5+ Kh8 26. cxb5 Rxe1 27. Rxe1 Qf5 28. Re8 Rxe8 29. Nf7+ Qxf7 30. Bxf7 Re7 31. Bc4 Re5 32. Kg2 Nf5 33. Kf1 Kg7 34. a4 Nf6 35. a5 Nd7 36. b6 axb6 37. axb6 Ne7 38. b7 Nb8 39. Qd4 Nf5 40. Qa7 Re8 41. Be6 Ne7 42. Bc8 Nec6 43. Qa4 Rf8 44. Qe4 Ne5 45. Qd4 Rf6 46. Qb6 Nec6 47. Bd7 Ne5 48. Be8 1-0

[Event "Charlotte CCCSA Summer IM-D"]
[Site "Charlotte"]
[Date "2022.07.25"]
[Round "3"]
[White "Canty, James H"]
[Black "Chasin, Nico Werner"]
[Result "0-1"]
[WhiteElo "2175"]
[BlackElo "2285"]
[PlyCount "66"]
[EventDate "2022.07.24"]
[EventType "tourn"]
[EventRounds "9"]
[EventCountry "USA"]
[SourceTitle "CBM 209 Extra"]
[Source "ChessBase"]
[SourceDate "2022.09.30"]
[SourceVersion "1"]
[SourceVersionDate "2022.09.30"]
[SourceQuality "1"]

1. e4 c5 2. Nf3 Nc6 3. d4 cxd4 4. Nxd4 e6 5. Nc3 Qc7 6. Be3 a6 7. g4 b5 8. Nxc6 Qxc6 9. Qd2 b4 10. Ne2 Qxe4 11. Rg1 Qc6 12. Bg2 d5 13. 0-0-0 Bb7 14. g5 Ne7 15. Nd4 Qd7 16. f4 g6 17. Qxb4 Nf5 18. Qe1 Nxe3 19. Qxe3 Bd6 20. Kb1 0-0 21. Nf3 Qc7 22. Ne5 Rac8 23. Qe2 f6 24. Ng4 Bxf4 25. Nxf6+ Kh8 26. h4 Be5 27. Nd7 Bxb2 28. Nxf8 Bc3 29. Qxe6 Qc5 30. Bxd5 Bxd5 31. Qxd5 Rb8+ 32. Qb3 Rxb3+ 33. cxb3 Qf2 0-1

[Event "I'M Not A GM Speed Chess"]
[Site "Chess.com INT"]
[Date "2022.07.07"]
[Round "4.26"]
[White "Canty, James H"]
[Black "Rosen, Eric S"]
[Result "0-1"]
[WhiteElo "2225"]
[BlackElo "2360"]
[PlyCount "124"]
[EventDate "2022.05.09"]
[EventType "k.o. (blitz)"]
[EventRounds "4"]
[EventCountry "USA"]
[SourceTitle "EXT 2023"]
[Source "ChessBase"]
[SourceDate "2022.10.05"]
[SourceVersion "1"]
[SourceVersionDate "2022.10.05"]
[SourceQuality "1"]

1. d4 d5 2. Nc3 Nf6 3. Bf4 c5 4. e4 Nxe4 5. Nxe4 dxe4 6. dxc5 Qxd1+ 7. Rxd1 Nc6 8. f3 e5 9. Be3 exf3 10. Nxf3 Be6 11. Bb5 f6 12. a4 Rc8 13. 0-0 a6 14. Bxc6+ Rxc6 15. b4 Be7 16. Rd2 0-0 17. Rfd1 Rcc8 18. Bf2 Kf7 19. h3 h5 20. Nh2 g5 21. Nf1 b6 22. cxb6 Bxb4 23. Re2 a5 24. Ne3 Rfd8 25. Rxd8 Rxd8 26. c4 Bc5 27. Nd5 Bxd5 28. cxd5 Bxf2+ 29. Kxf2 Rxd5 30. b7 Rd8 31. Rb2 Rb8 32. Rb6 Ke7 33. Kf3 f5 34. g4 hxg4+ 35. hxg4 e4+ 36. Ke3 fxg4 37. Kxe4 Kd7 38. Kf5 Kc7 39. Rb5 g3 40. Rb3 Rxb7 41. Rxg3 Rb4 42. Kxg5 Rxa4 43. Rb3 Rb4 44. Ra3 Kb6 45. Kf5 Rd4 46. Ke5 Rd1 47. Rb3+ Kc5 48. Rb8 a4 49. Ra8 Kb4 50. Rb8+ Kc4 51. Rc8+ Kb3 52. Rb8+ Kc3 53. Rc8+ Kb2 54. Rb8+ Ka2 55. Ra8 a3 56. Ke4 Kb2 57. Rb8+ Ka1 58. Ke3 Rd7 59. Ke2 Rd6 60. Ke1 Ka2 61. Ke2 Rd5 62. Ke1 Rd3 0-1

[Event "I'M Not A GM Speed Chess"]
[Site "Chess.com INT"]
[Date "2022.07.07"]
[Round "4.32"]
[White "Canty, James H"]
[Black "Rosen, Eric S"]
[Result "0-1"]
[WhiteElo "2225"]
[BlackElo "2360"]
[PlyCount "140"]
[EventDate "2022.05.09"]
[EventType "k.o. (blitz)"]
[EventRounds "4"]
[EventCountry "USA"]
[SourceTitle "EXT 2023"]
[Source "ChessBase"]
[SourceDate "2022.10.05"]
[SourceVersion "1"]
[SourceVersionDate "2022.10.05"]
[SourceQuality "1"]

1. e4 e5 2. Nf3 Nc6 3. d4 exd4 4. Bc4 Nf6 5. e5 d5 6. Bb5 Ne4 7. Nxd4 Bd7 8. Bxc6 bxc6 9. 0-0 Bc5 10. f3 Ng5 11. Be3 0-0 12. f4 Ne4 13. Nd2 Bb6 14. Nxe4 dxe4 15. Qd2 Qe7 16. Nb3 f6 17. Qc3 Rae8 18. Nc5 Bc8 19. b4 Rf7 20. Bd4 Be6 21. f5 Bd5 22. e6 Rff8 23. a4 a5 24. bxa5 Ba7 25. Rae1 Ra8 26. Nxe4 Bxd4+ 27. Qxd4 Rxa5 28. Re3 Rfa8 29. Rg3 Kh8 30. Ng5 Rxa4 31. Qb2 Rb4 32. Qc3 Rc4 33. Qb2 Qc5+ 34. Kh1 Rb4 35. Nf7+ Kg8 36. Qxf6 Qf8 37. Nh6+ Kh8 38. Nf7+ Kg8 39. Qh4 Rxh4 40. f6 Rh6 41. fxg7 Qxg7 42. Nxh6+ Kh8 43. Rxg7 Kxg7 44. Nf5+ Kf6 45. Nd4+ Ke5 46. e7 Re8 47. Nf5 Be6 48. Ng7 Rxe7 49. Nxe6 Rxe6 50. Re1+ Kd5 51. Rxe6 Kxe6 52. Kg1 Kd5 53. Kf2 Kd4 54. Ke2 Kc3 55. Kd1 c5 56. g4 Kd4 57. h4 Ke4 58. g5 Kf5 59. Kd2 Kg4 60. Kc3 Kxh4 61. Kc4 Kxg5 62. Kxc5 h5 63. Kc6 h4 64. Kxc7 h3 65. c4 h2 66. c5 h1Q 67. c6 Qc1 68. Kb7 Qb2+ 69. Kc7 Qd4 70. Kb8 Qb6+ 0-1